004140000a2200133000450024500370000065000270003765000120006465000240007665000360010004100130013670000250014910000220017477300840019610aSpecies diversitysscale matters14aPatrones de diversidad14aEscalas14aRiqueza de especies14aBiología de la conservación0 aInglés1 aWhittaker, Robert J.1 aWillis, Katherine1 tAmerican Association for the Advancement of Scienceh5558q1245-1248d2002g295